La `nueva economía política ` de John Stuart Mill / (Record no. 140381)

MARC details
000 -LEADER
campo de control de longitud fija 00538nam a2200181 i 4500
001 - NÚMERO DE CONTROL
campo de control 140381
003 - IDENTIFICADOR DE NÚMERO DE CONTROL
campo de control ES-MaACL
005 - FECHA Y HORA DE LA ÚLTIMA TRANSACCIÓN
campo de control 20250918184521.0
007 - CAMPO FIJO DE DESCRIPCIÓN FÍSICA--INFORMACIÓN GENERAL
campo de control de longitud fija t|
008 - DATOS DE LONGITUD FIJA--INFORMACIÓN GENERAL
campo de control de longitud fija 070214s1968 sp r ||||1| spa d
100 1# - ENTRADA PRINCIPAL--NOMBRE DE PERSONA
Nombre de persona Schwartz, Pedro.
9 (RLIN) 104874
245 13 - MENCIÓN DEL TÍTULO
Título La `nueva economía política ` de John Stuart Mill /
Mención de responsabilidad, etc. Pedro Schwartz.
260 ## - PUBLICACIÓN, DISTRIBUCIÓN, ETC.
Lugar de publicación, distribución, etc. Madrid :
Nombre del editor, distribuidor, etc. Tecnos,
Fecha de publicación, distribución, etc. 1968.
300 ## - DESCRIPCIÓN FÍSICA
Extensión 412 p., 1 lám. ;
Dimensiones 23 cm.
600 14 - PUNTO DE ACCESO ADICIONAL DE MATERIA--NOMBRE DE PERSONA
Nombre de persona Mill, John Stuart,
Fechas asociadas al nombre 1806-1873
9 (RLIN) 81119
852 ## - LOCALIZACIÓN
Ubicación ES-MaACL
Número de control de estantería C-34932
Sublocalización o colección R.67212
Holdings
Estatus retirado Estado de pérdida Estado de daño No para préstamo Biblioteca de origen Biblioteca actual Ubicación en estantería Fecha de adquisición Fuente de adquisición Total de préstamos Signatura topográfica completa Código de barras Visto por última vez Precio de reemplazo Tipo de ítem Koha
        Biblioteca del Ateneo de Madrid Biblioteca del Ateneo de Madrid Depósito 2 17/01/2008     C-34932 1146086 23/02/2023 23/02/2023 Libro impreso